000 00482nam a2200181Ia 4500
008 090124s9999 xx 000 0 und d
082 _b3743
100 _aकाणेकर अनंत
245 _a फांस
250 _a0
260 _bदेशमुख आणि कंपनी
300 _a92
600 _aकाणेकर अनंत
630 _a फांस
700 _aकाणेकर अनंत
730 _a फांस
942 _cBOOK
999 _c84411
_d84411